| Поле | Название | Значение |
| |
Тип записи |
a |
| |
Библиографический уровень |
m |
| 001 |
Контрольный номер |
RU/URAIT/513771 |
| 003 |
Принадлежность контрольного номера |
https://urait.ru/bcode/513771 |
| 005 |
Дата корректировки |
20230913130130.8 |
| 008 |
Кодируемые данные |
|
| 020 |
Индекс ISBN |
__ |
| a |
ISBN |
978-5-534-07269-3 |
| c |
Цена, тираж |
1109.00 |
| 040 |
Источник каталогиз. |
__ |
| a |
Служба первич. каталог. |
ИКО Юрайт |
| b |
Код языка каталог. |
rus |
| c |
Служба, преобразующая запись |
ИКО Юрайт |
| 041 |
Код языка издания |
0_ |
| a |
Код языка текста |
rus |
| 044 |
Код страны публикации |
__ |
| a |
Код страны публикации |
RU |
| 073 |
|
_1 |
| a |
|
9785534072693 |
| d |
|
1109.00 |
| 080 |
Индекс УДК |
__ |
| a |
Индекс УДК |
630(075.8) |
| 084 |
Индекс другой классификации/Индекс ББК |
__ |
| a |
Индекс другой классификации/Индекс ББК |
43.4я73 |
| 2 |
Источник индекса |
rubbk |
| 091 |
Индексы/ коды |
__ |
| a |
Индекс ББК (DOS) |
43.4я73 |
| z |
|
rubbk |
| 100 |
Автор |
1_ |
| a |
Автор |
Редько Г. И. |
| q |
Полное имя |
Георгий Иванович |
| 230 |
|
__ |
| a |
|
Электрон. дан. |
| 245 |
Заглавие |
00 |
| a |
Заглавие |
Лесные культуры. В 2 ч. Часть 2 |
| b |
Продолж. заглавия |
учебник |
| c |
Ответственность |
Г. И. Редько, М. Д. Мерзленко, Н. А. Бабич. |
| 250 |
Сведения об издании |
__ |
| a |
Основные сведения об издании |
2-е изд. |
| b |
Дополнительные сведения об издании |
испр. и доп |
| 260 |
Выходные данные |
1_ |
| a |
Место издания |
Москва |
| b |
Издательство |
Юрайт |
| c |
Дата издания |
2023 |
| 300 |
Физическое описание |
__ |
| a |
Объем |
260 с |
| 440 |
Серия |
_0 |
| a |
Серия |
Высшее образование |
| 500 |
Примечания |
__ |
| a |
Примечание |
URL: https://urait.ru/bcode/513771 (дата обращения: 13.09.2023). |
| 520 |
Аннотация |
__ |
| a |
Аннотация |
В данном учебнике авторами были изложены самые главные и нужные положения в области практического лесокультурного дела, которые в основе своей базируются на теории и практике лесоводства. Учебник состоит из двух частей. В первой части рассматриваются общие и частные вопросы лесных культур, лесосеменное дело, общие сведения о лесных питомниках, организация лесопитомнического дела. Во вторую часть включены методология лесокультурного производства и особенности искусственного лесовосстановления. |
| 538 |
Прим. о системных особенностях |
__ |
| a |
Прим. о системных особенностях |
Режим доступа: Электронно-библиотечная система Юрайт, для авториз. пользователей |
| 653 |
Ключевые слова |
2_ |
| a |
Ключевые слова |
Сельское хозяйство. Ветеринария. Лесное дело |
| 653 |
Ключевые слова |
2_ |
| a |
Ключевые слова |
Естественные науки |
| 653 |
Ключевые слова |
2_ |
| a |
Ключевые слова |
Лесные культуры |
| 700 |
Другие авторы |
1_ |
| a |
Другие авторы |
Бабич Н. А. |
| q |
Полное имя |
Николай Алексеевич |
| 856 |
Электронный адрес документа |
40 |
| n |
Местонахождение сервера |
Юрайт |
| g |
|
Электронная книга |
| q |
Тип электронного формата |
html |
| h |
Имя пользователя |
ЮРАЙТ |
| v |
Часы доступа к ресурсу |
20251231 |
| 2 |
Способ доступа |
Показать документ |
| x |
Служебное примечание |
https://urait.ru/book/cover/A5B336D1-C2EE-4FC7-8512-63CEAF659458 |
| u |
URL |
https://urait.ru/bcode/513771 |
| 856 |
Электронный адрес документа |
41 |
| q |
Тип электронного формата |
cover |
| u |
URL |
https://urait.ru/book/cover/A5B336D1-C2EE-4FC7-8512-63CEAF659458 |